Derecho financiero y tributario: parte general

Saved in:
Bibliografiske detaljer
Main Authors: Pérez Royo, Fernando (Author), Carrasco González, Francisco M (Author)
Format: Bog
Sprog:spansk
Udgivet: Pamplona Aranzadi S. A 2016
Udgivelse:26a. ed
Serier:Tratados y Manuales
Fag:
Tags: Tilføj Tag
Ingen Tags, Vær først til at tagge denne postø!

MARC

LEADER 00000cam a2200000 a 4500
001 UCC0269
003 CL-VaPUC
008 170728e20160000sp |||||||||||||||||spa|d
020 |a 9788490998151 
082 0 4 |a 343.034  |b PER  |2 21 
100 0 |a Pérez Royo, Fernando  |e author  |9 594179 
700 0 |a Carrasco González, Francisco M  |e author  |9 594180 
245 1 0 |a Derecho financiero y tributario: parte general 
250 |a 26a. ed 
300 |a 607 p 
942 |c BK 
945 |d 20170728 13:21:00  |a dcastane 
260 |a Pamplona  |b Aranzadi S. A  |c 2016 
500 |a Incluye libro electrónico 
650 0 |a Derecho tributario  |9 258895 
650 0 |a Derecho económico   |9 259197 
650 0 |a Política fiscal  |9 317354 
650 7 |a PRESUPUESTO NACIONAL  |2 CL-VaPUC  |9 338436 
583 |a last modification  |c 20170728 13:21:00  |k Rodrigo Vera 
490 0 |a Tratados y Manuales 
999 |c 369144  |d 369142 
952 |0 0  |1 0  |3 erb  |4 0  |6 343_034000000000000_PER_2016  |7 0  |8 A  |9 484722  |a BIBDER  |b BIBDER  |i 5411602  |l 2  |o 343.034 PER 2016  |p 5411602  |r 2023-01-25  |s 2022-07-13  |w 2019-11-24  |y BK  |z Catalogado en:20170728  |k DER